[Event "Madrid ch Veteranos 2223"]
[Site "Madrid ESP"]
[Date "2023.04.19"]
[Round "3.11"]
[White "Fernandez Garcia, Ignacio"]
[Black "Lopez Molina, Francisco"]
[Result "0-1"]
[WhiteElo "1851"]
[BlackElo "1905"]
[PlyCount "50"]
[EventDate "2023.04.17"]
[EventType "swiss"]
[EventRounds "9"]
[EventCountry "ESP"]
[SourceTitle "Ajedrez en Madrid"]
[Source "lmi"]
[SourceDate "2023.04.17"]
[SourceVersion "1"]
[SourceVersionDate "2023.05.22"]
[SourceQuality "1"]

1. e4 d5 2. exd5 Qxd5 3. Nc3 Qa5 4. d4 Nf6 5. Bc4 Nc6 6. Nge2 Bf5 7. Ng3 Bg6 8.
O-O O-O-O 9. Be3 e5 10. d5 Nb4 11. Rc1 Nbxd5 12. Nxd5 Nxd5 13. Qg4+ Kb8 14.
Rfd1 Be7 15. Bxd5 Rxd5 16. Rxd5 Qxd5 17. Qa4 b6 18. c4 Qe6 19. b4 f5 20. c5 f4
21. c6 fxe3 22. Qa6 Qc8 23. Qb5 exf2+ 24. Kxf2 Rf8+ 25. Ke2 Qg4+ 0-1

[Event "Madrid ch Veteranos 2223"]
[Site "Madrid ESP"]
[Date "2023.04.19"]
[Round "3.12"]
[White "Lopez de Turiso Sanchez, Jose Antonio"]
[Black "Rodriguez Rodriguez, Ricardo"]
[Result "1-0"]
[WhiteElo "1904"]
[BlackElo "1568"]
[PlyCount "77"]
[EventDate "2023.04.17"]
[EventType "swiss"]
[EventRounds "9"]
[EventCountry "ESP"]
[SourceTitle "Ajedrez en Madrid"]
[Source "lmi"]
[SourceDate "2023.04.17"]
[SourceVersion "1"]
[SourceVersionDate "2023.05.22"]
[SourceQuality "1"]

1. Nc3 Nf6 2. Nf3 d5 3. d4 g6 4. Bf4 c6 5. Qd2 Bf5 6. h3 h5 7. e3 Nbd7 8. Nh4
Be6 9. Bd3 Rg8 10. Nf3 Nb6 11. b3 Bf5 12. O-O Bxd3 13. Qxd3 e6 14. Ne2 Ne4 15.
Nd2 g5 16. Be5 Nxd2 17. Qxd2 f6 18. Bh2 Bd6 19. Qd3 Bxh2+ 20. Kxh2 Qc7+ 21. Kh1
O-O-O 22. c4 Kb8 23. c5 Nc8 24. b4 e5 25. Rfb1 e4 26. Qd1 h4 27. b5 Ka8 28. Rb2
Ne7 29. b6 Qc8 30. bxa7 Rg7 31. Rab1 Qd7 32. Nc3 Qe8 33. Na4 Nc8 34. Qg4 Qg6
35. Rxb7 f5 36. Rb8+ Kxa7 37. Qe2 Rgg8 38. Qb2 Qg7 39. Rxc8 1-0

[Event "Madrid ch Veteranos 2223"]
[Site "Madrid ESP"]
[Date "2023.04.19"]
[Round "3.13"]
[White "Perez Pascual, Arturo"]
[Black "Estrada Martinez, Cesar"]
[Result "0-1"]
[WhiteElo "1622"]
[BlackElo "1903"]
[PlyCount "31"]
[EventDate "2023.04.17"]
[EventType "swiss"]
[EventRounds "9"]
[EventCountry "ESP"]
[SourceTitle "Ajedrez en Madrid"]
[Source "lmi"]
[SourceDate "2023.04.17"]
[SourceVersion "1"]
[SourceVersionDate "2023.05.22"]
[SourceQuality "1"]

1. e4 c5 2. Nf3 Nc6 3. d4 cxd4 4. Nxd4 Nf6 5. Nc3 d6 6. Bg5 e5 7. Nb3 Be6 8.
Nd5 Be7 9. Nxe7 Qxe7 10. Qf3 h6 11. Bxf6 Qxf6 12. Qxf6 gxf6 13. O-O-O Ke7 14.
f3 Rab8 15. g4 Rbc8 16. Kb1 0-1

[Event "Madrid ch Veteranos 2223"]
[Site "Madrid ESP"]
[Date "2023.04.19"]
[Round "3.14"]
[White "Gonzalez Rivera, Eduardo"]
[Black "Toledo Aguirre, Gonzalo"]
[Result "1-0"]
[WhiteElo "2026"]
[BlackElo "1749"]
[PlyCount "93"]
[EventDate "2023.04.17"]
[EventType "swiss"]
[EventRounds "9"]
[EventCountry "ESP"]
[SourceTitle "Ajedrez en Madrid"]
[Source "lmi"]
[SourceDate "2023.04.17"]
[SourceVersion "1"]
[SourceVersionDate "2023.05.22"]
[SourceQuality "1"]

1. e4 e6 2. d4 d5 3. Nd2 Nf6 4. e5 Nfd7 5. f4 c5 6. c3 Nc6 7. Ndf3 Qb6 8. g3 f6
9. Bd3 Be7 10. Kf1 c4 11. Bc2 Qc7 12. Kg2 b5 13. h4 Bb7 14. Qe2 fxe5 15. fxe5
O-O-O 16. Nh3 Nf8 17. Nhg5 Bxg5 18. Nxg5 h6 19. Nh3 Kb8 20. b4 Bc8 21. a4 a6
22. axb5 axb5 23. Bf4 Nd7 24. Ra3 Nb6 25. h5 Qe7 26. Be3 Rd7 27. Nf4 Qe8 28.
Ng6 Rg8 29. Rha1 Ra7 30. Rxa7 Nxa7 31. Rf1 Nc6 32. Qf3 Nd8 33. g4 Nd7 34. g5
hxg5 35. Bxg5 Nb6 36. Kg3 Nc6 37. Nh4 Na4 38. Bg6 Qd7 39. Bf7 Rf8 40. Ng6 Rxf7
41. Qxf7 Qxf7 42. Rxf7 Nxc3 43. Rxg7 Ne4+ 44. Kh4 Nxg5 45. Kxg5 c3 46. Nf4 c2
47. Nd3 1-0

[Event "Madrid ch Veteranos 2223"]
[Site "Madrid ESP"]
[Date "2023.04.19"]
[Round "3.15"]
[White "Balsera Gomez, Antonio"]
[Black "Herrero Reques, Sergio"]
[Result "1-0"]
[WhiteElo "1718"]
[BlackElo "2021"]
[PlyCount "93"]
[EventDate "2023.04.17"]
[EventType "swiss"]
[EventRounds "9"]
[EventCountry "ESP"]
[SourceTitle "Ajedrez en Madrid"]
[Source "lmi"]
[SourceDate "2023.04.17"]
[SourceVersion "1"]
[SourceVersionDate "2023.05.22"]
[SourceQuality "1"]

1. d4 Nf6 2. Nf3 e6 3. e3 d5 4. Bd3 Bd6 5. O-O c5 6. b3 Nc6 7. Bb2 b6 8. Nbd2
Bb7 9. a3 O-O 10. Ne5 Ne7 11. c4 cxd4 12. exd4 Rc8 13. Qe2 dxc4 14. bxc4 Bxe5
15. dxe5 Nd7 16. Ne4 Bxe4 17. Bxe4 Nc5 18. Rfd1 Qc7 19. Bc2 Rfd8 20. Bd4 Rd7
21. Bxc5 bxc5 22. Qe4 g6 23. Rxd7 Qxd7 24. Rd1 Qc7 25. Qd3 Nc6 26. f4 Rd8 27.
Qc3 Nd4 28. Re1 Rb8 29. Kf2 Rb6 30. Rb1 Qd8 31. Rxb6 Qxb6 32. Be4 Kg7 33. g4
Qb3 34. Qxb3 Nxb3 35. f5 Nd4 36. fxg6 fxg6 37. h4 h6 38. Ke3 Kf7 39. a4 Nb3 40.
Bc2 Nd4 41. Be4 h5 42. gxh5 Nf5+ 43. Kf4 Kg7 44. hxg6 Nh6 45. Kg5 Ng8 46. h5
Nh6 47. Bc6 1-0

[Event "Madrid ch Veteranos 2223"]
[Site "Madrid ESP"]
[Date "2023.04.19"]
[Round "3.16"]
[White "Alberdi Garcia, Carlos Alfonso"]
[Black "Martin Rodriguez, Emilio"]
[Result "0-1"]
[WhiteElo "1699"]
[BlackElo "1965"]
[PlyCount "50"]
[EventDate "2023.04.17"]
[EventType "swiss"]
[EventRounds "9"]
[EventCountry "ESP"]
[SourceTitle "Ajedrez en Madrid"]
[Source "lmi"]
[SourceDate "2023.04.17"]
[SourceVersion "1"]
[SourceVersionDate "2023.05.22"]
[SourceQuality "1"]

1. d4 d5 2. Nc3 c6 3. e4 dxe4 4. Nxe4 Nd7 5. c4 Ngf6 6. Bd3 e5 7. dxe5 Nxe5 8.
Nxf6+ Qxf6 9. Qe2 Bb4+ 10. Kf1 O-O 11. a3 Bc5 12. Nf3 Nxd3 13. Qxd3 Bf5 14. Qb3
h6 15. Bd2 Rad8 16. Bb4 Rd3 17. Qa2 Bxb4 18. axb4 Rxf3 19. gxf3 Bd3+ 20. Ke1
Qxf3 21. Kd2 Qe2+ 22. Kc3 Qc2+ 23. Kd4 Rd8+ 24. Ke3 Qe2+ 25. Kf4 Rd4+ 0-1

[Event "Madrid ch Veteranos 2223"]
[Site "Madrid ESP"]
[Date "2023.04.19"]
[Round "3.17"]
[White "Barahona Torrijos, Angel"]
[Black "Cabañas Bravo, Juan Andres"]
[Result "1-0"]
[WhiteElo "1696"]
[BlackElo "1914"]
[PlyCount "123"]
[EventDate "2023.04.17"]
[EventType "swiss"]
[EventRounds "9"]
[EventCountry "ESP"]
[SourceTitle "Ajedrez en Madrid"]
[Source "lmi"]
[SourceDate "2023.04.17"]
[SourceVersion "1"]
[SourceVersionDate "2023.05.22"]
[SourceQuality "1"]

1. e4 e5 2. Nf3 Nc6 3. Nc3 Nf6 4. Bb5 Bd6 5. O-O O-O 6. d3 h6 7. Ne2 Ne7 8. Ng3
c6 9. Ba4 Ng6 10. c4 Bc7 11. Be3 d6 12. h3 Be6 13. Nh2 Qd7 14. Nh5 Nh7 15. Qd2
f5 16. exf5 Rxf5 17. Bd1 Rg5 18. Bxg5 Nxg5 19. Bg4 Rf8 20. Qe2 d5 21. Bxe6+
Qxe6 22. Qg4 Qd6 23. Ng3 Rf4 24. Qc8+ Kh7 25. Nf5 Qf6 26. Ne3 Bb6 27. cxd5 h5
28. Rae1 e4 29. dxc6 bxc6 30. dxe4 Ne5 31. Nf5 Nxe4 32. Rxe4 Rxe4 33. Ng3 Rh4
34. Qf5+ Qxf5 35. Nxf5 Rf4 36. Ne3 Nd3 37. Nd1 g5 38. g3 Ra4 39. Nc3 Rb4 40. b3
Kg6 41. Nf3 g4 42. hxg4 hxg4 43. Ne1 Rd4 44. Ne2 Nxf2 45. Nxd4 Nh3+ 46. Kg2
Bxd4 47. Nd3 c5 48. Nf4+ Nxf4+ 49. Rxf4 Kg5 50. b4 Be5 51. bxc5 Bxf4 52. gxf4+
Kf5 53. Kg3 Ke6 54. Kxg4 Kd5 55. Kf5 Kxc5 56. Ke6 Kb4 57. f5 Ka3 58. f6 Kxa2
59. f7 a5 60. f8=Q a4 61. Qb4 a3 62. Kd5 1-0

[Event "Madrid ch Veteranos 2223"]
[Site "Madrid ESP"]
[Date "2023.04.19"]
[Round "3.18"]
[White "Martin Martin, Luis Vicente"]
[Black "Lobato Palomo, Manuel Angel"]
[Result "1-0"]
[WhiteElo "1871"]
[BlackElo "1689"]
[PlyCount "83"]
[EventDate "2023.04.17"]
[EventType "swiss"]
[EventRounds "9"]
[EventCountry "ESP"]
[SourceTitle "Ajedrez en Madrid"]
[Source "lmi"]
[SourceDate "2023.04.17"]
[SourceVersion "1"]
[SourceVersionDate "2023.05.22"]
[SourceQuality "1"]

1. d4 e6 2. Bf4 f5 3. Nf3 Nf6 4. h3 b6 5. e3 Bb7 6. Bd3 Be7 7. Nbd2 O-O 8. g4
Nd5 9. Bh2 f4 10. e4 Nb4 11. Be2 d6 12. c3 N4c6 13. Qb3 Qd7 14. O-O Kh8 15. Kg2
e5 16. d5 Nd8 17. Ne1 Nf7 18. f3 Bh4 19. Nd3 Qe7 20. c4 Nd7 21. Qc3 Ng5 22. b4
Qf6 23. c5 bxc5 24. bxc5 Ba6 25. Nxf4 Bxe2 26. Nxe2 Nxc5 27. Bg1 Na4 28. Qb3
Nb6 29. Be3 Qe7 30. Rac1 Rf7 31. a4 a5 32. Bxb6 cxb6 33. Qxb6 h5 34. Rc6 Nxh3
35. Kxh3 hxg4+ 36. fxg4 Rxf1 37. Nxf1 Rf8 38. Nfg3 Rf6 39. Rc8+ Kh7 40. Qd8 Qb7
41. Qh8+ Kg6 42. Qh5# 1-0

[Event "Madrid ch Veteranos 2223"]
[Site "Madrid ESP"]
[Date "2023.04.19"]
[Round "3.19"]
[White "Carrera Cabaneros, Francisco"]
[Black "De Paz Nistal, Santiago"]
[Result "0-1"]
[WhiteElo "1684"]
[BlackElo "1866"]
[PlyCount "94"]
[EventDate "2023.04.17"]
[EventType "swiss"]
[EventRounds "9"]
[EventCountry "ESP"]
[SourceTitle "Ajedrez en Madrid"]
[Source "lmi"]
[SourceDate "2023.04.17"]
[SourceVersion "1"]
[SourceVersionDate "2023.05.22"]
[SourceQuality "1"]

1. d4 Nf6 2. Nf3 e6 3. c4 b6 4. Nc3 Bb7 5. Bg5 Be7 6. e3 O-O 7. Bd3 d5 8. O-O
Nbd7 9. Rc1 c5 10. Qe2 cxd4 11. Nxd4 Ne5 12. Rfd1 Rc8 13. cxd5 Nxd3 14. Qxd3
Nxd5 15. Bxe7 Qxe7 16. Nxd5 Bxd5 17. b3 Qb7 18. f3 f5 19. Rxc8 Qxc8 20. Nxf5
Rxf5 21. e4 Qc5+ 22. Qd4 Re5 23. Qxc5 bxc5 24. exd5 Rxd5 25. Rc1 Kf7 26. Rc2
Ke7 27. Kf2 Kd6 28. Ke3 Rd4 29. f4 Kd5 30. g3 a5 31. h3 h6 32. Rf2 a4 33. g4
axb3 34. axb3 Rb4 35. Rb2 Kc6 36. f5 exf5 37. gxf5 c4 38. Rc2 Rxb3+ 39. Kd4
Rxh3 40. Rxc4+ Kd6 41. Rc1 Rh4+ 42. Ke3 Ke5 43. Rc5+ Kf6 44. Kf3 Kg5 45. Kg3
Rg4+ 46. Kf3 Rf4+ 47. Kg3 Rxf5 0-1

[Event "Madrid ch Veteranos 2223"]
[Site "Madrid ESP"]
[Date "2023.04.19"]
[Round "3.20"]
[White "Camarero Izquierdo, Juan Carlos"]
[Black "Vukotic Jovsic, Dragan"]
[Result "1/2-1/2"]
[WhiteElo "1680"]
[BlackElo "1866"]
[PlyCount "102"]
[EventDate "2023.04.17"]
[EventType "swiss"]
[EventRounds "9"]
[EventCountry "ESP"]
[SourceTitle "Ajedrez en Madrid"]
[Source "lmi"]
[SourceDate "2023.04.17"]
[SourceVersion "1"]
[SourceVersionDate "2023.05.22"]
[SourceQuality "1"]

1. e4 e5 2. Nf3 Nc6 3. Bc4 Nf6 4. Ng5 d5 5. exd5 Na5 6. Bb5+ c6 7. dxc6 bxc6 8.
Qf3 Bb7 9. Ba4 Bd6 10. O-O O-O 11. d3 c5 12. Qh3 h6 13. Nf3 e4 14. dxe4 Nxe4
15. Nbd2 Qf6 16. Re1 Nxd2 17. Bxd2 Nc6 18. Bc3 Nd4 19. Nd2 Qg6 20. Bxd4 cxd4
21. Nc4 Bb4 22. Re5 Qa6 23. Bb3 Rac8 24. Na3 Qd6 25. Rh5 Bxa3 26. bxa3 Be4 27.
Qg4 Bxc2 28. Rd5 Qxa3 29. Qxd4 Bxb3 30. axb3 Qxb3 31. h3 Rfe8 32. Rda5 Rcd8 33.
Qa4 Qc3 34. Rxa7 Re1+ 35. Kh2 Re2 36. Qf4 Qe5 37. Qxe5 Rxe5 38. Ra8 Rxa8 39.
Rxa8+ Kh7 40. Ra2 g5 41. Kg3 Kg6 42. Ra4 Rb5 43. h4 Rb3+ 44. f3 f5 45. hxg5
hxg5 46. Ra6+ Kh5 47. Ra8 f4+ 48. Kh2 Rb6 49. Ra2 g4 50. fxg4+ Kxg4 51. Ra3 Rb2
1/2-1/2

[Event "Madrid ch Veteranos 2223"]
[Site "Madrid ESP"]
[Date "2023.04.19"]
[Round "3.21"]
[White "Camacho Casado, Demetrio"]
[Black "De Dompablo Fantova, Juan"]
[Result "1-0"]
[WhiteElo "1862"]
[BlackElo "1665"]
[PlyCount "51"]
[EventDate "2023.04.17"]
[EventType "swiss"]
[EventRounds "9"]
[EventCountry "ESP"]
[SourceTitle "Ajedrez en Madrid"]
[Source "lmi"]
[SourceDate "2023.04.17"]
[SourceVersion "1"]
[SourceVersionDate "2023.05.22"]
[SourceQuality "1"]

1. d4 d5 2. Nc3 Nf6 3. Bf4 a6 4. e3 e6 5. Bd3 Bd6 6. Bg3 O-O 7. Nf3 b5 8. Ne5
c5 9. dxc5 Bxc5 10. O-O Bb7 11. Qe2 Nbd7 12. Rad1 Nxe5 13. Bxe5 Bd6 14. Bxd6
Qxd6 15. e4 Qc7 16. e5 Nd7 17. f4 g6 18. Rf3 f6 19. Rh3 fxe5 20. Rxh7 e4 21.
Bxe4 Rf7 22. Bxg6 Rxh7 23. Qxe6+ Kh8 24. Bxh7 Kxh7 25. Qf7+ Kh8 26. Rd3 1-0

[Event "Madrid ch Veteranos 2223"]
[Site "Madrid ESP"]
[Date "2023.04.19"]
[Round "3.23"]
[White "Montero Montero, Juan Jose"]
[Black "Lopez Molina, Santiago Jorge"]
[Result "1/2-1/2"]
[WhiteElo "1678"]
[BlackElo "1857"]
[PlyCount "139"]
[EventDate "2023.04.17"]
[EventType "swiss"]
[EventRounds "9"]
[EventCountry "ESP"]
[SourceTitle "Ajedrez en Madrid"]
[Source "lmi"]
[SourceDate "2023.04.17"]
[SourceVersion "1"]
[SourceVersionDate "2023.05.22"]
[SourceQuality "1"]

1. e4 Nf6 2. Nc3 d5 3. e5 Nfd7 4. d4 e6 5. Nce2 c5 6. f4 cxd4 7. Nf3 Nc6 8.
Nexd4 Bc5 9. c3 O-O 10. Be2 Qb6 11. O-O f6 12. Kh1 Bxd4 13. cxd4 fxe5 14. fxe5
Rxf3 15. Bxf3 Qxd4 16. Qxd4 Nxd4 17. Bf4 Nf8 18. Rac1 Bd7 19. Bh5 g6 20. Bg4 h5
21. Bf3 Bc6 22. Be3 Nf5 23. Bf4 Nh7 24. g4 hxg4 25. Bxg4 g5 26. Bd2 Rd8 27. Bh5
Kg7 28. Kg1 Kh6 29. Bg4 Kg6 30. a3 Rh8 31. Rf2 Rf8 32. b4 a6 33. Rcf1 Bb5 34.
Rc1 Bc4 35. Rc3 b5 36. Be2 Rf7 37. Bg4 Nf8 38. Rh3 Rh7 39. Bxf5+ exf5 40. Rxh7
Nxh7 41. Rg2 d4 42. h4 g4 43. Rf2 Bd3 44. Bf4 Bc4 45. Bg3 Nf8 46. h5+ Kg5 47.
h6 d3 48. Bf4+ Kg6 49. Rh2 Bd5 50. Kf1 Kh7 51. Rh5 Be4 52. Rh2 Ng6 53. Bg5 Nxe5
54. Bf4 Ng6 55. Bd2 g3 56. Rh3 g2+ 57. Kg1 Ne5 58. Kf2 Nf3 59. Rxf3 Bxf3 60.
Bf4 Be4 61. Kg1 Kg6 62. Kf2 Bd5 63. Kg1 Kh7 64. Kf2 Kg6 65. Kg1 Be4 66. Kf2 Bd5
67. Kg1 Bg8 68. Kxg2 Kf6 69. Kf2 Kg6 70. Ke3 1/2-1/2

[Event "Madrid ch Veteranos 2223"]
[Site "Madrid ESP"]
[Date "2023.04.19"]
[Round "3.24"]
[White "Ros Martinez, Francisco Javier"]
[Black "Marcos Herrero, Francisco"]
[Result "1-0"]
[WhiteElo "1562"]
[BlackElo "1830"]
[PlyCount "73"]
[EventDate "2023.04.17"]
[EventType "swiss"]
[EventRounds "9"]
[EventCountry "ESP"]
[SourceTitle "Ajedrez en Madrid"]
[Source "lmi"]
[SourceDate "2023.04.17"]
[SourceVersion "1"]
[SourceVersionDate "2023.05.22"]
[SourceQuality "1"]

1. e4 c6 2. d4 d5 3. exd5 cxd5 4. Bd3 Nf6 5. h3 g6 6. Bf4 Bg7 7. Nf3 O-O 8. Qe2
Nc6 9. c3 a6 10. O-O b5 11. Nbd2 Bb7 12. b4 Nd7 13. Ne5 Ndxe5 14. Bxe5 f6 15.
Bg3 e5 16. Nb3 Re8 17. Rfe1 Qb6 18. Qg4 f5 19. Bxf5 gxf5 20. Qxf5 Bc8 21. Qg5
e4 22. Qxd5+ Be6 23. Qg5 Bc4 24. Nc5 Qd8 25. Qg4 Qd5 26. Nxe4 Kh8 27. Ng5 h6
28. Nf3 Rg8 29. Qh4 Qf5 30. Ne5 Nxe5 31. Bxe5 Qg6 32. g4 Kh7 33. Kh2 Raf8 34.
f4 Qc2+ 35. Kg1 Qxc3 36. g5 Bxe5 37. Qxh6# 1-0

[Event "Madrid ch Veteranos 2223"]
[Site "Madrid ESP"]
[Date "2023.04.19"]
[Round "3.25"]
[White "Fernandez Aransay, Fernando"]
[Black "Martinez Pintor, Juan"]
[Result "1-0"]
[WhiteElo "1808"]
[BlackElo "1545"]
[PlyCount "55"]
[EventDate "2023.04.17"]
[EventType "swiss"]
[EventRounds "9"]
[EventCountry "ESP"]
[SourceTitle "Ajedrez en Madrid"]
[Source "lmi"]
[SourceDate "2023.04.17"]
[SourceVersion "1"]
[SourceVersionDate "2023.05.22"]
[SourceQuality "1"]

1. e4 e6 2. d4 d5 3. exd5 exd5 4. Nf3 Bg4 5. c4 Bxf3 6. Qxf3 c6 7. Nc3 Nf6 8.
Be3 Bb4 9. Bd3 dxc4 10. Bxc4 Nd5 11. O-O Bxc3 12. bxc3 O-O 13. Rab1 b6 14. Bd2
Qd6 15. Rfe1 Nd7 16. Bd3 c5 17. Bc4 N7f6 18. Re5 Rad8 19. Bg5 Rd7 20. Rbe1 cxd4
21. cxd4 Qb4 22. Qe2 h6 23. Bd2 Qd6 24. h3 Rdd8 25. Qf3 Nc7 26. Qg3 Nh7 27. Bf4
g5 28. Rxg5+ 1-0

[Event "Madrid ch Veteranos 2223"]
[Site "Madrid ESP"]
[Date "2023.04.19"]
[Round "3.26"]
[White "Menendez Domens, Juan Manuel"]
[Black "Hernandez Gutierrez, Jose"]
[Result "1-0"]
[WhiteElo "1460"]
[BlackElo "1767"]
[PlyCount "93"]
[EventDate "2023.04.17"]
[EventType "swiss"]
[EventRounds "9"]
[EventCountry "ESP"]
[SourceTitle "Ajedrez en Madrid"]
[Source "lmi"]
[SourceDate "2023.04.17"]
[SourceVersion "1"]
[SourceVersionDate "2023.05.22"]
[SourceQuality "1"]

1. d4 d5 2. Nf3 Nf6 3. e3 Bf5 4. Bd3 e6 5. O-O Bxd3 6. Qxd3 c6 7. Nbd2 Nbd7 8.
Re1 Be7 9. e4 dxe4 10. Nxe4 Nxe4 11. Qxe4 O-O 12. Bf4 Rc8 13. Rad1 Qa5 14. a3
Rfd8 15. Rd3 Nf6 16. Qe3 c5 17. dxc5 Rxd3 18. Qxd3 Qxc5 19. c3 Rd8 20. Nd4 Nh5
21. Qf3 Nxf4 22. Qxf4 Bf6 23. Nf3 Qb5 24. Qc1 Qd3 25. h3 b5 26. Ne5 Qd5 27. Ng4
Bg5 28. Qc2 Bf4 29. Ne3 Bxe3 30. fxe3 Qd2 31. Qc1 Qxc1 32. Rxc1 Rd2 33. c4 bxc4
34. Rxc4 f6 35. Rc8+ Kf7 36. Rb8 Re2 37. Rb3 a5 38. a4 h5 39. Rb5 Rxe3 40. Rxa5
Rb3 41. Rb5 Rd3 42. a5 Rd1+ 43. Kf2 Rd2+ 44. Kf3 e5 45. a6 Rd8 46. Rb7+ Ke6 47.
a7 1-0

[Event "Madrid ch Veteranos 2223"]
[Site "Madrid ESP"]
[Date "2023.04.19"]
[Round "3.27"]
[White "Jimenez Jimenez, Jose Luis"]
[Black "De Juan Rivas, Antonio"]
[Result "1-0"]
[WhiteElo "1737"]
[BlackElo "1408"]
[PlyCount "77"]
[EventDate "2023.04.17"]
[EventType "swiss"]
[EventRounds "9"]
[EventCountry "ESP"]
[SourceTitle "Ajedrez en Madrid"]
[Source "lmi"]
[SourceDate "2023.04.17"]
[SourceVersion "1"]
[SourceVersionDate "2023.05.22"]
[SourceQuality "1"]

1. e4 c5 2. Nf3 d6 3. d4 cxd4 4. Nxd4 Nf6 5. Bc4 e6 6. Nc3 a6 7. a4 Nc6 8. Bb3
e5 9. Nxc6 bxc6 10. O-O Bb7 11. Qe2 g6 12. Be3 a5 13. Rfd1 Bg7 14. Qd2 Ng4 15.
Qxd6 Qxd6 16. Rxd6 Nxe3 17. fxe3 O-O 18. Rf1 Bh6 19. Rf3 Bc8 20. Rxc6 Bg4 21.
Rg3 Bd7 22. Rc7 Be6 23. Nd5 Kg7 24. Nb6 Rae8 25. Bd5 Kh8 26. Kf2 f5 27. Ke2 f4
28. exf4 exf4 29. Rd3 Bg4+ 30. Kf2 Bg5 31. h3 Bh4+ 32. Kf1 Bh5 33. Bc6 Re6 34.
Rdd7 Bf6 35. Rxh7+ Kg8 36. Bd5 Rfe8 37. Nc4 f3 38. Nd6 fxg2+ 39. Kxg2 1-0

[Event "Madrid ch Veteranos 2223"]
[Site "Madrid ESP"]
[Date "2023.04.19"]
[Round "3.28"]
[White "Carbo de Haya, Jaime"]
[Black "Perez Hernandez, Alfonso"]
[Result "0-1"]
[WhiteElo "1238"]
[BlackElo "1719"]
[PlyCount "64"]
[EventDate "2023.04.17"]
[EventType "swiss"]
[EventRounds "9"]
[EventCountry "ESP"]
[SourceTitle "Ajedrez en Madrid"]
[Source "lmi"]
[SourceDate "2023.04.17"]
[SourceVersion "1"]
[SourceVersionDate "2023.05.22"]
[SourceQuality "1"]

1. e4 c5 2. Nf3 Nc6 3. d4 cxd4 4. Nxd4 Nf6 5. Nc3 e5 6. Ndb5 d6 7. Bg5 a6 8.
Na3 Be6 9. Bxf6 gxf6 10. Nd5 f5 11. Qf3 Nd4 12. Qd3 fxe4 13. Qxe4 Bg7 14. Ne3
d5 15. Qd3 b5 16. c3 e4 17. Qd2 Nc6 18. Nac2 b4 19. Nxb4 Nxb4 20. cxb4 d4 21.
Nc2 d3 22. Ne3 Rc8 23. g3 Qd4 24. Bg2 Qxb2 25. Qxb2 Bxb2 26. Rd1 Bc3+ 27. Rd2
f5 28. f3 Bxb4 29. fxe4 Rc1+ 30. Nd1 Rc2 31. exf5 Bxd2+ 32. Kf1 Bxf5 0-1

[Event "Madrid ch Veteranos 2223"]
[Site "Madrid ESP"]
[Date "2023.04.19"]
[Round "3.29"]
[White "Garcia Galeote, Lorenzo"]
[Black "Siddiqie, Kausar Iqbal"]
[Result "1-0"]
[WhiteElo "1896"]
[BlackElo "1265"]
[PlyCount "53"]
[EventDate "2023.04.17"]
[EventType "swiss"]
[EventRounds "9"]
[EventCountry "ESP"]
[SourceTitle "Ajedrez en Madrid"]
[Source "lmi"]
[SourceDate "2023.04.17"]
[SourceVersion "1"]
[SourceVersionDate "2023.05.22"]
[SourceQuality "1"]

1. d4 Nf6 2. c4 d5 3. cxd5 Nxd5 4. e4 Nf6 5. Nc3 Bg4 6. Be2 Bxe2 7. Ngxe2 e6 8.
O-O Nbd7 9. Bf4 Nh5 10. Be3 c5 11. d5 e5 12. f4 exf4 13. Nxf4 Nxf4 14. Bxf4 Nb6
15. Nb5 c4 16. Nc7+ Kd7 17. Qg4+ Ke7 18. d6+ Qxd6 19. Bxd6+ Kxd6 20. Nxa8 g6
21. Nxb6 axb6 22. Rad1+ Kc7 23. Qf4+ Kc8 24. Qxf7 Bc5+ 25. Kh1 g5 26. Qd7+ Kb8
27. Rf7 1-0

[Event "Madrid ch Veteranos 2223"]
[Site "Madrid ESP"]
[Date "2023.04.19"]
[Round "3.30"]
[White "Ruiz Quevedo, Andres"]
[Black "Prieto Gonzalez, Cesar"]
[Result "1-0"]
[WhiteElo "1827"]
[BlackElo "1608"]
[PlyCount "44"]
[EventDate "2023.04.17"]
[EventType "swiss"]
[EventRounds "9"]
[EventCountry "ESP"]
[SourceTitle "Ajedrez en Madrid"]
[Source "lmi"]
[SourceDate "2023.04.17"]
[SourceVersion "1"]
[SourceVersionDate "2023.05.22"]
[SourceQuality "1"]

1. Nf3 Nf6 2. c4 d6 3. Nc3 e5 4. g3 b6 5. Bg2 Bb7 6. O-O g6 7. d4 Nbd7 8. dxe5
Nxe5 9. Nxe5 Bxg2 10. Nxf7 Kxf7 11. Kxg2 Bg7 12. Nd5 Nd7 13. Nf4 Nf6 14. Qb3
Qd7 15. Bd2 Ne4 16. Rad1 Nc5 17. Qc2 a5 18. Bc3 Bxc3 19. Qxc3 Rhe8 20. Nd5 Re6
21. Rd4 Ne4 22. Qf3+ Nf6 1-0

[Event "Madrid ch Veteranos 2223"]
[Site "Madrid ESP"]
[Date "2023.04.19"]
[Round "3.31"]
[White "Lopez Guitian, Juan J."]
[Black "Pashov, Spas Nikolov"]
[Result "1-0"]
[WhiteElo "1518"]
[BlackElo "1794"]
[PlyCount "61"]
[EventDate "2023.04.17"]
[EventType "swiss"]
[EventRounds "9"]
[EventCountry "ESP"]
[SourceTitle "Ajedrez en Madrid"]
[Source "lmi"]
[SourceDate "2023.04.17"]
[SourceVersion "1"]
[SourceVersionDate "2023.05.22"]
[SourceQuality "1"]

1. e4 e5 2. Nf3 Nc6 3. Bb5 f5 4. Nc3 fxe4 5. Nxe4 Nge7 6. c3 d5 7. Ng3 Qd6 8.
d3 Bd7 9. Qe2 O-O-O 10. O-O h6 11. Be3 a6 12. Ba4 g5 13. b4 Nb8 14. Bxd7+ Nxd7
15. Rfb1 Bg7 16. d4 Nb6 17. a4 Nc4 18. Nd2 Nxd2 19. Qxd2 b6 20. Qd3 Kb7 21. Ne2
e4 22. Qc2 b5 23. Nc1 c6 24. Nb3 Ra8 25. h3 Bf6 26. Ra2 Rhb8 27. Rba1 Nc8 28.
axb5 Nb6 29. Nc5+ Kc8 30. bxa6 Ra7 31. Qe2 1-0

[Event "Madrid ch Veteranos 2223"]
[Site "Madrid ESP"]
[Date "2023.04.19"]
[Round "3.32"]
[White "Cano Mercado, Francisco Manuel"]
[Black "Plaza Plaza, Prudencio"]
[Result "1-0"]
[WhiteElo "1728"]
[BlackElo "1299"]
[PlyCount "51"]
[EventDate "2023.04.17"]
[EventType "swiss"]
[EventRounds "9"]
[EventCountry "ESP"]
[SourceTitle "Ajedrez en Madrid"]
[Source "lmi"]
[SourceDate "2023.04.17"]
[SourceVersion "1"]
[SourceVersionDate "2023.05.22"]
[SourceQuality "1"]

1. d4 d5 2. Bf4 e6 3. e3 Bd6 4. Bg3 Nf6 5. Nd2 O-O 6. Bd3 b6 7. Ngf3 c5 8. c3
Bb7 9. Bxd6 Qxd6 10. Ne5 Ne4 11. f4 f6 12. Nef3 Nd7 13. O-O cxd4 14. Nxd4 a6
15. f5 e5 16. Ne6 Rfe8 17. Nxe4 dxe4 18. Bc4 Qxd1 19. Raxd1 Rac8 20. Rxd7 Bc6
21. Nd8+ Kh8 22. Nf7+ Kg8 23. Nxe5+ Kh8 24. Nf7+ Kg8 25. Ra7 Kf8 26. Nd6 1-0